Economics of rubberwood processing in selected Asian countries (Record no. 48202)

MARC details
000 -LEADER
fixed length control field 00515nam a2200133Ia 4500
100 ## - MAIN ENTRY--AUTHOR NAME
Personal name Hallett R M
245 #0 - TITLE STATEMENT
Title Economics of rubberwood processing in selected Asian countries
260 ## - PUBLICATION, DISTRIBUTION, ETC. (IMPRINT)
Name of publisher In: Proceedings of the International Forum on Investment Opportunities in the Rubber Wood Industry, 20-22 September 1993, Kuala Lumpur, Malaysia, pp.240-253.
Year of publication 1993
650 ## - SUBJECT ADDED ENTRY--TOPICAL TERM
Topical Term Rubberwood
650 ## - SUBJECT ADDED ENTRY--TOPICAL TERM
Topical Term Rubberwood processing
650 ## - SUBJECT ADDED ENTRY--TOPICAL TERM
Topical Term Rubberwood products
942 ## - ADDED ENTRY ELEMENTS (KOHA)
Koha item type Bibliography RLWO
Holdings
Withdrawn status Lost status Damaged status Not for loan Home library Current library Date acquired Koha item type
      Bibliography RRII Library RRII Library 31/12/2021 Bibliography RLWO